Name a Valid Country starting with C - Statistics

General Stats
  • This quiz has been taken 221 times
  • The average score is 10 of 14
Answer Stats
Name a country... Answer % Correct
that has 4 letters Chad | Cuba
99%
that is island nation Cape Verde | Comoros | Cuba | Cyprus
93%
that is member of European Union Croatia | Cyprus | Czech republic
93%
whose official language is Spanish Chile | Colombia | Costa Rica | Cuba
89%
that has nuclear weapons China
88%
Ruled by communist party China | Cuba
86%
that is landlocked Central African Republic | Chad | Czech republic
84%
that borders another country starting with C Cameroon | Central African Republic | Chad
83%
where same-sex marriages are legal Canada | Colombia
77%
FIFA World Cup Top 4 Position Chile | Croatia | Czechoslovakia
70%
that has no military Costa Rica
48%
Left hand driving country Cyprus
48%
that is a monarchy Cambodia | Canada
45%
that is a member of Arab league Comoros
32%
No matching quizzes found
Score Distribution
Percent of People with Each Score
Percentile by Number Answered
Your Score History
You have not taken this quiz